Top 100 Largest U.S. Cities by Area - Statistics

General Stats
  • This quiz has been taken 48 times
    25 since last reset
  • The average score is 49 of 100
Answer Stats
Rank State City % Correct
14 California Los Angeles
95%
9 Texas Houston
90%
11 Arizona Phoenix
90%
20 Texas Dallas
85%
95 Mississippi Jackson
85%
2 Alaska Juneau
85%
25 Missouri Kansas City
85%
10 Oklahoma Oklahoma City
85%
4 Alaska Anchorage
80%
74 Georgia Atlanta
80%
36 Illinois Chicago
80%
6 Florida Jacksonville
80%
82 Kansas Kansas City
80%
13 Tennessee Nashville
80%
44 Oklahoma Tulsa
80%
24 Texas Austin
75%
58 Colorado Denver
75%
71 Michigan Detroit
75%
31 Texas El Paso
75%
67 Nevada Las Vegas
75%
29 Tennessee Memphis
75%
28 New York New York City
75%
98 Florida Orlando
75%
63 North Carolina Raleigh
75%
22 California San Diego
75%
47 New Mexico Albuquerque
70%
18 Indiana Indianapolis
70%
23 Kentucky Louisville
70%
53 Louisiana New Orleans
70%
76 Pennsylvania Philadelphia
70%
12 Texas San Antonio
70%
92 Florida Tampa
70%
35 Arizona Tucson
70%
55 Kansas Wichita
70%
45 Colorado Colorado Springs
65%
19 Texas Fort Worth
65%
89 California Fresno
65%
99 Utah Salt Lake City
65%
61 California Bakersfield
60%
37 Ohio Columbus
60%
39 Georgia Columbus
60%
54 Texas Corpus Christi
60%
80 North Carolina Greensboro
60%
72 Arizona Mesa
60%
70 Alabama Mobile
60%
77 Oregon Portland
60%
78 North Carolina Winston-Salem
60%
64 Alabama Birmingham
55%
94 North Carolina Durham
55%
68 Nebraska Omaha
55%
51 California San Jose
55%
34 Virginia Virginia Beach
55%
90 South Carolina Charleston
50%
73 South Carolina Columbia
50%
97 Indiana Fort Wayne
50%
30 Kentucky Lexington
50%
32 Georgia Macon
50%
57 Alabama Montgomery
50%
27 Georgia Augusta
45%
8 Montana Butte
45%
65 Nevada Carson City
45%
66 Tennessee Chattanooga
45%
38 Alabama Huntsville
45%
56 Colorado Aurora
40%
79 Texas Brownsville
40%
86 Arkansas Little Rock
40%
21 Virginia Chesapeake
35%
75 Texas Lubbock
35%
88 Georgia Athens
30%
62 North Carolina Fayetteville
30%
87 Florida Port St. Lucie
30%
48 Arizona Scottsdale
30%
17 Arizona Buckeye
25%
50 Oklahoma Norman
25%
52 Arizona Peoria
25%
1 Alaska Sitka
25%
85 Arizona Yuma
25%
7 Montana Anaconda
20%
16 Virginia Suffolk
20%
100 Arizona Surprise
20%
42 Nevada Boulder City
15%
96 Arizona Casa Grande
15%
81 Tennessee Lynchburg
15%
43 California California City
10%
26 North Carolina Charlottle
10%
93 Arizona Eloy
10%
83 Nevada Fernley
10%
60 Georgia Georgetown
10%
46 Arizona Goodyear
10%
84 Arizona Marana
10%
59 Arizona Sierra Vista
10%
15 Georgia Statenville
10%
5 Kansas Tribune
10%
40 Alaska Valdez
10%
3 Alaska Wrangell
10%
69 Florida Bunnell
5%
33 Georgia Cusseta
5%
91 Tennessee Hartsville
5%
49 Minnesota Hibbing
5%
41 Georgia Preston
5%
No matching quizzes found
Score Distribution
Percent of People with Each Score
Percentile by Number Answered
Your Score History
You have not taken this quiz since the last reset